<?xml version="1.0" encoding="UTF-8"?>
<record
    xmlns:xsi="http://www.w3.org/2001/XMLSchema-instance"
    xsi:schemaLocation="http://www.loc.gov/MARC21/slim http://www.loc.gov/standards/marcxml/schema/MARC21slim.xsd"
    xmlns="http://www.loc.gov/MARC21/slim">

  <leader>04114nam a2200529uu 4500</leader>
  <controlfield tag="001">1453120</controlfield>
  <controlfield tag="005">20260508090803.0</controlfield>
  <controlfield tag="008">161024s2015                        spa  </controlfield>
  <datafield tag="020" ind1=" " ind2=" ">
    <subfield code="a">9786074485004</subfield>
  </datafield>
  <datafield tag="035" ind1=" " ind2=" ">
    <subfield code="a">1453120</subfield>
  </datafield>
  <datafield tag="040" ind1=" " ind2=" ">
    <subfield code="c">comduadb</subfield>
  </datafield>
  <datafield tag="041" ind1=" " ind2=" ">
    <subfield code="a">spa</subfield>
  </datafield>
  <datafield tag="080" ind1=" " ind2=" ">
    <subfield code="a">WB</subfield>
  </datafield>
  <datafield tag="100" ind1="1" ind2="0">
    <subfield code="a">Garza Elizondo, Te&#xF3;filo</subfield>
    <subfield code="4">aut</subfield>
    <subfield code="e">aut</subfield>
    <subfield code="9">756005</subfield>
  </datafield>
  <datafield tag="245" ind1="1" ind2="0">
    <subfield code="a">Trabajo con familias. Abordaje m&#xE9;dico e integral</subfield>
  </datafield>
  <datafield tag="250" ind1=" " ind2=" ">
    <subfield code="a">3. edici&#xF3;n</subfield>
  </datafield>
  <datafield tag="260" ind1=" " ind2=" ">
    <subfield code="a">M&#xE9;xico :</subfield>
    <subfield code="b">Manual Moderno,</subfield>
    <subfield code="c">2015.</subfield>
  </datafield>
  <datafield tag="300" ind1=" " ind2=" ">
    <subfield code="a">346 p&#xE1;ginas</subfield>
  </datafield>
  <datafield tag="505" ind1=" " ind2=" ">
    <subfield code="a">CONTENIDO :  &#xBF;Medicina familiar? -- Conceptos del sistema familiar. -- Conceptos de comunicaci&#xF3;n humana. -- Conceptos del desarrollo familiar. -- Conceptos de intervenci&#xF3;n en crisis y las habilidades para su manejo. -- Conceptos b&#xE1;sicos de familia. -- Funciones de la familia. -- Los derechos de la familia. -- Principios bio&#xE9;ticos en la atenci&#xF3;n del m&#xE9;dico familiar. -- Espiritualidad en la atenci&#xF3;n familiar. -- Proceso para llegar a ser enfermo y paciente, su importancia para construir una relaci&#xF3;n m&#xE9;dico-paciente-familia de colaboraci&#xF3;n. -- La entrevista familiar. La habilidad por excelencia del m&#xE9;dico familiar. -- Dimensiones de la funcionalidad familiar a evaluar en la entrevista familiar. -- Modelo de atenci&#xF3;n. -- Trabajo con familias. -- Trabajo con familias especiales. -- Atenci&#xF3;n de la familia con adolescentes. -- El familiograma. -- Eventos cr&#xED;ticos. -- Instrumentos para valorar funcionalidad familiar. -- Recursos familiares. -- Lista de problemas. -- Programa de atenci&#xF3;n. -- Ejemplos de trabajo con familias. -- La familia psicosom&#xE1;tica. -- Familia alcoh&#xF3;lica. -- Violencia familiar. Maltrato infantil. -- Maltrato geri&#xE1;trico. -- Trabajo con familias con un enfermo cr&#xF3;nico. -- Diabetes mellitus: impacto en la familia. -- Abordaje integral de la familia del paciente con SIDA: una propuesta. -- C&#xF3;mo cerrar el ciclo de la vida. -- Proceso de duelo. -- Retos de la medicina familiar. -- Anexo A. Formatos para la evaluaci&#xF3;n familiar. -- &#xCD;ndice. .</subfield>
  </datafield>
  <datafield tag="520" ind1="3" ind2=" ">
    <subfield code="a">El trabajo con familias consiste en las intervenciones encaminadas a aquellas familias que sufren un problema de salud, lo superen para conseguir un desarrollo integral de cada uno de sus integrantes. Trabajo con familias. Abordaje m&#xE9;dico e integral, tercera edici&#xF3;n, es un texto que aborda distintos conceptos relacionados con la labor del m&#xE9;dico familiar, as&#xED; como el conjunto de conocimientos, habilidades y actitudes que debe poseer para conseguir un ejercicio profesional adecuado. Tem&#xE1;ticas desarrolladas en diversos cap&#xED;tulos como: Conceptos b&#xE1;sicos de familia, principios bio&#xE9;ticos en la atenci&#xF3;n del m&#xE9;dico familiar, el familiograma, entre otros, hacen que esta obra dirigida a los estudiantes y profesionales en el &#xE1;mbito de la ciencias de la salud, tengan una fuente confiable y actual acerca del trabajo con familias.</subfield>
  </datafield>
  <datafield tag="650" ind1=" " ind2="7">
    <subfield code="a">Medicina familiar</subfield>
    <subfield code="2">lemb</subfield>
    <subfield code="9">17512</subfield>
  </datafield>
  <datafield tag="650" ind1=" " ind2=" ">
    <subfield code="a">Medicina comunitaria</subfield>
    <subfield code="9">20989</subfield>
  </datafield>
  <datafield tag="650" ind1=" " ind2=" ">
    <subfield code="a">Comunicaci&#xF3;n familiar</subfield>
    <subfield code="9">165370</subfield>
  </datafield>
  <datafield tag="650" ind1=" " ind2="7">
    <subfield code="a">Familia</subfield>
    <subfield code="y">Aspectos Psicol&#xF3;gicos</subfield>
    <subfield code="2">lemb</subfield>
    <subfield code="9">38477</subfield>
  </datafield>
  <datafield tag="650" ind1=" " ind2=" ">
    <subfield code="a">Familia - Salud e higiene</subfield>
    <subfield code="9">168208</subfield>
  </datafield>
  <datafield tag="650" ind1=" " ind2="7">
    <subfield code="a">Violencia familiar</subfield>
    <subfield code="2">lemb</subfield>
    <subfield code="9">43854</subfield>
  </datafield>
  <datafield tag="650" ind1=" " ind2=" ">
    <subfield code="a">Familia - Aspectos culturales</subfield>
    <subfield code="9">97255</subfield>
  </datafield>
  <datafield tag="650" ind1=" " ind2="7">
    <subfield code="a">Convivencia familiar</subfield>
    <subfield code="2">embne</subfield>
    <subfield code="9">123980</subfield>
  </datafield>
  <datafield tag="650" ind1=" " ind2=" ">
    <subfield code="a">Psicoterapia de familia</subfield>
    <subfield code="9">102778</subfield>
  </datafield>
  <datafield tag="650" ind1=" " ind2=" ">
    <subfield code="a">Estructura familiar</subfield>
    <subfield code="9">22786</subfield>
  </datafield>
  <datafield tag="650" ind1=" " ind2=" ">
    <subfield code="a">Familia y salud</subfield>
    <subfield code="9">186086</subfield>
  </datafield>
  <datafield tag="650" ind1=" " ind2=" ">
    <subfield code="a">Familia y desarrollo</subfield>
    <subfield code="9">178767</subfield>
  </datafield>
  <datafield tag="650" ind1=" " ind2="7">
    <subfield code="a">Familia</subfield>
    <subfield code="x">Aspectos sociales</subfield>
    <subfield code="2"></subfield>
    <subfield code="9">36732</subfield>
  </datafield>
  <datafield tag="650" ind1=" " ind2=" ">
    <subfield code="a">Familia y adolescentes</subfield>
    <subfield code="9">45588</subfield>
  </datafield>
  <datafield tag="650" ind1=" " ind2=" ">
    <subfield code="a">Familiares de enfermos</subfield>
    <subfield code="9">100640</subfield>
  </datafield>
  <datafield tag="650" ind1=" " ind2=" ">
    <subfield code="a">Conflictos familiares</subfield>
    <subfield code="9">159316</subfield>
  </datafield>
  <datafield tag="650" ind1=" " ind2=" ">
    <subfield code="a">Acompa&#xF1;amiento familiar</subfield>
    <subfield code="9">202523</subfield>
  </datafield>
  <datafield tag="650" ind1=" " ind2=" ">
    <subfield code="a">Enfermos cr&#xF3;nicos</subfield>
    <subfield code="9">64893</subfield>
  </datafield>
  <datafield tag="650" ind1=" " ind2=" ">
    <subfield code="a">SIDA - Aspectos sociales</subfield>
    <subfield code="9">159386</subfield>
  </datafield>
  <datafield tag="650" ind1=" " ind2="7">
    <subfield code="a">Duelo</subfield>
    <subfield code="2">lemb</subfield>
    <subfield code="9">185371</subfield>
  </datafield>
  <datafield tag="650" ind1=" " ind2="7">
    <subfield code="a">Diabetes mellitus</subfield>
    <subfield code="2">dcs</subfield>
    <subfield code="9">21095</subfield>
  </datafield>
  <datafield tag="650" ind1=" " ind2=" ">
    <subfield code="a">Alcoholismo y familia</subfield>
    <subfield code="9">15389</subfield>
  </datafield>
  <datafield tag="650" ind1=" " ind2="7">
    <subfield code="a">Alcoholismo</subfield>
    <subfield code="x">Aspectos sociales</subfield>
    <subfield code="2">lemb</subfield>
    <subfield code="9">184854</subfield>
  </datafield>
  <datafield tag="650" ind1=" " ind2="7">
    <subfield code="a">Familias con problemas</subfield>
    <subfield code="2">lemb</subfield>
    <subfield code="9">48929</subfield>
  </datafield>
  <datafield tag="700" ind1="1" ind2="0">
    <subfield code="a">Guti&#xE9;rrez Herrera, Ra&#xFA;l Fernando</subfield>
    <subfield code="4">aut</subfield>
    <subfield code="e">aut</subfield>
    <subfield code="9">756006</subfield>
  </datafield>
  <datafield tag="942" ind1=" " ind2=" ">
    <subfield code="c">BOOK</subfield>
  </datafield>
  <datafield tag="999" ind1=" " ind2=" ">
    <subfield code="c">746288</subfield>
    <subfield code="d">746288</subfield>
  </datafield>
  <datafield tag="952" ind1=" " ind2=" ">
    <subfield code="0">0</subfield>
    <subfield code="1">0</subfield>
    <subfield code="4">0</subfield>
    <subfield code="7">0</subfield>
    <subfield code="8">GENERAL</subfield>
    <subfield code="a">BSP</subfield>
    <subfield code="b">BSP</subfield>
    <subfield code="d">2016-10-24</subfield>
    <subfield code="e">CIS (Corporacion Interuniversitaria de Servicios)</subfield>
    <subfield code="g">62400.00</subfield>
    <subfield code="i">C1253241</subfield>
    <subfield code="l">0</subfield>
    <subfield code="o">WA308 G3-15</subfield>
    <subfield code="p">1023681</subfield>
    <subfield code="r">2023-05-03 00:00:00</subfield>
    <subfield code="t">1</subfield>
    <subfield code="w">2023-05-03</subfield>
    <subfield code="y">BOOK</subfield>
  </datafield>
</record>
